Bekannte Musiker der Musikepoche zuordnen - Statistiken

Allgemein
  • Dieses Quiz wurde 52 mal gespielt
  • Das Durchschnittsergebnis liegt bei 10 aus 13
Antwortstatistiken
Frage Antwort % Korrekt
Pop (ca. 1980–2000) Michael Jackson
98%
Wiener Klassik (ca. 1750–1820) Wolfgang Amadeus Mozart
98%
Rock (ca. 1960-1980) The Rolling Stones
94%
Disco (ab ca. 1970er) ABBA
92%
Jazz (ab ca. 1900) Louis Armstrong
86%
Hip-Hop (ab ca. 1980er) Tupac Shakur
86%
Barock (ca. 1600–1750) Johann Sebastian Bach
82%
Rock 'n' Roll (ab ca. 1950) Chuck Berry
73%
Impressionismus (ca. 1890–1920) Claude Debussy
73%
Romantik (ca. 1820–1900) Richard Wagner
63%
Mittelalter (ca. 500–1400) Hildegard von Bingen
53%
Moderne (ca. 1900-1950) Igor Strawinsky
39%
Renaissance (ca. 1400–1600) Josquin des Prez
27%
Keine übereinstimmenden Quizze gefunden
Verteilung der Resultate
Anzahl Personen mit jedem Resultat
Perzentil nach korrekt beantworteten Fragen
Ihre Resultats-Entwicklung
Sie haben dieses Quiz noch nicht gespielt